000 00523nam a2200217Ia 4500
003 OSt
005 20220924133751.0
006 a|||||r|||| 00| 0
007 ta
008 220923b |||||||| |||| 00| 0 snd d
024 _a268683
037 _cTextual
040 _aARTS
_cARTS
_bsnd
041 _2snd
_asnd
082 _aQ, 1593L7
100 _aKalnani Sadhuram
_9207279
245 0 _aJeewan Leela
260 _c1977
942 _hQ, 1593L7
_cTEXL
_2CC
999 _c435089
_d435089